000 00328nam a2200145Ia 4500
100 _aHull/ M.D.
650 _aElectrical Engineering
942 _cBK
654 _aspeaker systems
245 _aBuilding Hi-Fi speaker systems
260 _bPhilips
_aNew Delhi
_c1980
082 _a621.38
300 _a232
546 _aENGLISH
999 _c33330
_d33330